| 000 | 00000nam##2200000za#4500 |
| 001 | 9.698310 |
| 003 | CaOODSP |
| 005 | 20210624235854 |
| 007 | cr ||||||||||| |
| 008 | 150407|2002||||xxc|||||o f|0| 0 eng|d |
| 040 | |aCaOODSP|beng |
| 043 | |an-cn--- |
| 086 | 1 |aRH64-11/2001E-PDF |
| 110 | 1 |aCanada.|bHuman Resources Development Canada. |bApplied Research Branch. |
| 245 | 10|aResults from the survey of self-employment in Canada / |h[electronic resource]|cprepared by Benoit Delage. |
| 260 | |aHull - Quebec : |bHuman Resources Development Canada. |cJanuary 2002. |
| 300 | |a110p.|bgraphs, tables |
| 500 | |aThe catalogue number (RH64-11/2001E) and ISBN (0-662-31406-9) for the print edition have been incorrectly copied in this electronic publication. |
| 504 | |aBibliography. |
| 590 | |a13-18-Supp|b2013-08-01 |
| 690 | 07|aSelf employment|2gcpds |
| 690 | 07|aSurveys|2gcpds |
| 720 | 1 |aDelage, Benoit |
| 775 | 08|tRésultats de l'enquête sur le travail indépendant au Canada / |w(CaOODSP)9.642322 |
| 776 | 0#|tResults from the survey of self-employment in Canada / |w(CaOODSP)9.648416 |
| 856 | 40|ahttp://publications.gc.ca|qPDF|s2.15 MB|uhttps://publications.gc.ca/collections/Collection/RH64-12-2001E.pdf |
| 986 | |aSP-465-01-02E |